|
|
|
|
| LEADER |
00000cam a2200000 a 4500 |
| 001 |
vtls010660065 |
| 003 |
SK-MaSNL |
| 005 |
20260414034359.0 |
| 008 |
240315s2014 xo a c 000 0 slo |
| 015 |
|
|
|a SNBA2015/03
|
| 020 |
|
|
|a 9788080913434
|q (brož.)
|
| 035 |
|
|
|a BD00C0FF-5C0B-4B93-8087-D61B7E255758
|
| 035 |
|
|
|a urn:nbn:sk:snk-amjqf9
|
| 035 |
|
|
|a urn:nbn:sk:snk-am003oq9
|
| 040 |
|
|
|a SNK
|b slo
|c SNK
|e AACR2
|
| 041 |
0 |
|
|a slo
|
| 044 |
|
|
|a xo
|c SK
|
| 072 |
|
7 |
|a 93/94
|x Dejiny (všeobecne)
|2 konspekt
|
| 080 |
|
|
|a 93/94
|2 2001
|
| 080 |
|
|
|a (075.2)
|2 2001
|
| 080 |
|
|
|a (076.1)
|2 2001
|
| 100 |
1 |
|
|a Mojtová-Bernátová, Kvetoslava,
|d 1954-
|4 aut
|9 42863
|
| 245 |
1 |
0 |
|a Dejepis pre 7. ročník špeciálnych základných škôl
|b pracovný zošit
|c [Kvetoslava Mojtová-Bernátová ; ilustrácie: Pavel Čisárik]
|
| 250 |
|
|
|a 7. vyd.
|
| 260 |
|
|
|a Bratislava
|b Expol pedagogika
|c 2014
|
| 300 |
|
|
|a 40 s.
|b ilustr.
|c 30 cm
|
| 500 |
|
|
|a Náz. z obalu
|
| 650 |
0 |
7 |
|a dejepis
|2 SNKPH
|9 4288
|
| 650 |
0 |
7 |
|a History (school subject)
|2 SNKPHeng
|9 286675
|
| 655 |
|
7 |
|a učebnice špeciálnych základných škôl
|2 SNKPH
|9 70204
|
| 655 |
|
7 |
|a Textbooks (elementary)
|2 SNKPHeng
|9 276977
|
| 655 |
|
7 |
|a pracovné zošity
|2 SNKPH
|9 70188
|
| 655 |
|
7 |
|a Activity books
|2 SNKPHeng
|9 302885
|
| 700 |
1 |
|
|a Čisárik, Pavel
|4 ill
|9 43302
|
| 852 |
|
|
|a Štátna vedecká knižnica v Banskej Bystrici
|
| 919 |
|
|
|a 978-80-8091-343-4
|
| 999 |
|
|
|c 671339
|d 673269
|
| 952 |
|
|
|a SNK
|b SNK
|y PREZ
|7 0
|p 17A1141639
|o snkSB 88043
|i snk2015/9375
|8 0
|0 0
|1 0
|4 0
|d 2015-03-17
|f 1
|l 0
|r 2025-05-12 00:00:00
|w 2026-02-23
|
| 952 |
|
|
|a SNK
|b SNK
|y VYP
|7 0
|p 17A1141640
|o snkSB 88043 D1
|i snk2015/9376
|8 0
|0 0
|1 0
|4 0
|d 2015-03-17
|l 0
|r 2026-02-23 19:26:36
|w 2026-02-23
|